Úloha štátu a prístupy k rozvoju znalostí v ekonomike SR

Úvaha o úlohe štátu a jeho možnostiach pôsobiť na rozvoj znalostí v ekonomike Slovenska. Vplyv globalizácie a postavenie štátu v ekonomike. Prepojenie štátu, hospodárstva a politiky. Priorita štátu a aktérov hospodárskej politiky SR - sformovanie znalostnej ekonomiky. Znalostná ekonomika - výzva, k...

Ausführliche Beschreibung

Gespeichert in:
Bibliographische Detailangaben
1. Verfasser: Blašková, Mária
Format: Buchkapitel
Sprache:Slowakisch
Schlagworte:
Tags: Tag hinzufügen
Keine Tags, Fügen Sie das erste Tag hinzu!

MARC

LEADER 00000nla$a2200000$$$4500
001 0107962
005 20240502083253.1
041 0 |a slo 
044 |a CZ 
245 1 0 |a Úloha štátu a prístupy k rozvoju znalostí v ekonomike SR  |c Mária Blašková 
520 |a Úvaha o úlohe štátu a jeho možnostiach pôsobiť na rozvoj znalostí v ekonomike Slovenska. Vplyv globalizácie a postavenie štátu v ekonomike. Prepojenie štátu, hospodárstva a politiky. Priorita štátu a aktérov hospodárskej politiky SR - sformovanie znalostnej ekonomiky. Znalostná ekonomika - výzva, ktorá nemôže byť len vo forme vyhlásení a dokumentov, ale v konkrétnych rozhodnutiach a opatreniach na podporu vedy, výskumu a vzdelávania. 
610 2 0 |a ekonomika vedomostná 
610 2 0 |a spoločnosť vedomostná 
610 2 0 |a vedomosti 
610 2 0 |a politika hospodárska 
610 2 0 |a štát 
610 2 0 |a veda 
610 2 0 |a výskum 
610 2 0 |a vzdelávanie 
100 1 |a Blašková, Mária